Loading...
India: Nation in turmoil /
| Main Author: | |
|---|---|
| Format: | Printed Book |
| Language: | English |
| Published: |
New Delhi :
UBS Publishers,
2000.
|
| Subjects: |
| LEADER | 00545nam a2200169Ia 4500 | ||
|---|---|---|---|
| 008 | 150624b xxu||||| |||| 00| 0 eng d | ||
| 020 | |a 817476268X | ||
| 020 | |a 817476268X | ||
| 082 | |a 954.04 | ||
| 100 | |a Gopal Krishna, R. | ||
| 245 | |a India: |b Nation in turmoil / |c R. Gopal Krishna | ||
| 260 | |a New Delhi : |b UBS Publishers, |c 2000. | ||
| 300 | |a 450 p. | ||
| 650 | |x History. |a India | ||
| 942 | |c BK | ||
| 999 | |c 51201 |d 51201 | ||
| 952 | |0 0 |1 0 |4 0 |6 954_040000000000000_GOP_I |7 0 |9 51179 |a UL |b UL |c ST1 |d 2012-10-27 |l 0 |o 954.04 GOP/I |p 73886 |r 2012-10-27 |w 2012-10-27 |y BK | ||